00572nas a22001817a 4500008004100000022001400041245003200055260007100087300000900158310001500167546001400182590004300196590005100239650002700290856004600317942001200363999001500375130319t20079999ag ||||| |||| 00| 0 spa d a1669-5089 aRevista de Medicina Interna aBuenos Aires,bSociedad de Medicina Interna de Buenos Aires:c2007 av. . atrimestral aespañol aIndizada en: Latindex, SIIC Data Bases aExistencias: 2007 3(3); 2008 4(1,2); 2011 7(2) aMEDICINA INTERNA91738 uhttp://www.smiba.org.ar/revista/index.htm 2ddccCR c1285d1285